Ιστορία και σχολείο
Saved in:
| Main Author: | |
|---|---|
| Format: | Book |
| Language: | Greek |
| Published: |
Θεσσαλονίκη :
Αριστοτέλειο Πανεπιστήμιο Θεσσαλονίκης,
1994
|
| Subjects: | |
| Tags: |
Add Tag
No Tags, Be the first to tag this record!
|
MARC
| LEADER | 00000cam a2200000 i 4500 | ||
|---|---|---|---|
| 001 | 1/102287 | ||
| 008 | 950502s1994 gr | ||| |||| ||gre|| | ||
| 035 | |l 10012444 | ||
| 040 | |a GR-MY-UA |b gre |e aacr | ||
| 041 | 0 | |a gre | |
| 082 | 0 | |a 907 | |
| 100 | 1 | |a Αβδελά, Έφη. | |
| 245 | 1 | 0 | |a Ιστορία και σχολείο / |c Εφη Αβδελά |
| 260 | |a Θεσσαλονίκη : |b Αριστοτέλειο Πανεπιστήμιο Θεσσαλονίκης, |c 1994 | ||
| 300 | |a 196 σ. | ||
| 500 | |a Παιδαγωγικό τμήμα δημοτικής εκπαίδευσης Αριστοτέλειο Πανεπιστήμιο Θεσσαλονίκης | ||
| 504 | |a Βιβλιογραφία σ.192-196 | ||
| 650 | 0 | 0 | |a History |x Study and teaching. |
| 852 | |a INST |b LESVOS |e 19950502 |h 907 ΑΒΔ |p 005100001398 |q 005100001398 |t BK |y 0 | ||
| 909 | |a Λ |b 039971 | ||
| 922 | |a 1ΔΩΡ |b 199503 | ||